| 000 | 00641nam a2200217 a 4500 | ||
|---|---|---|---|
| 999 |
_c3299 _d3299 |
||
| 001 | 3299 | ||
| 003 | BD-JhCC | ||
| 005 | 20171112180315.0 | ||
| 008 | 171112s1967 bg |||| ||a| 000 0 ben d | ||
| 035 | _a(BD-JhCC)3299 | ||
| 040 |
_aBD-JhCC _dBD-JhCC |
||
| 041 | _aben | ||
| 082 |
_a891.4435 _bRAH 1967 |
||
| 100 | _aরহমান, গোলাম | ||
| 245 |
_aকাফে-দ্য-খোরাসান / _cগোলাম রহমান, |
||
| 260 |
_aঢাকা : _bমোহাম্মদ ইসমাইল খান, _c1967 |
||
| 300 |
_a105 p. : _c20 cm. |
||
| 650 | _aShort Stories | ||
| 942 |
_2ddc _cBK |
||